Pokémon Sauvages - Kalos Centre - Statistiques

Statistiques générales
  • Ce quiz a été pris 32 fois
    29 depuis la dernière actualisation
  • Le résultat moyen est 108 sur 155
Statistiques - réponses
Lieux Pokémon % Correct
X Aspicot
100%
X Coconfort
100%
Couafarel
100%
(fleurs jaunes) Flabébé Fleu Jaune
100%
Flabébé Fleur Blanche
100%
(fleurs violettes) Flabébé Fleur Bleue
100%
Flabébé Fleur Jaune
100%
Flabébé Fleur Orange
100%
Flabébé Fleur Rouge
100%
Flamajou
100%
Flotajou
100%
Hélionceau
100%
Lépidonille
100%
(pêche) | Palais Chaydeuvre(pêche) Magicarpe
100%
Monorpale
100%
Cave Connecterre Antre Nosferapti Nosferapti
100%
Pandespiègle
100%
Route 2 Chemin Progrès Roucool
100%
Zigzaton
100%
Route 4 Route Fleurie(fleurs jaunes) Apitrini
88%
Forêt de Neuvartault | Y Chenipan
88%
Y Chrysacier
88%
Écrapince
88%
Feuillajou
88%
Léviator
88%
Passerouge
88%
Pikachu
88%
Sapereau
88%
Y 4 Négapi et 1 Posipi
75%
X 4 Posipi et 1 Négapi
75%
Cabriolaine
75%
Coupenotte
75%
Y Fluvetin
75%
Route 3 Chemin Ouvert Keunotor
75%
Y Négapi
75%
Poissirène
75%
X Posipi
75%
Psystigri
75%
Riolu
75%
X Sucroquin
75%
(embuscade depuis buisson) Venipatte
75%
Azurill
63%
Cheniti cape Plante
63%
Chuchmur
63%
Couaneton
63%
Route 7 Chemin des Berges Cradopaud
63%
Fouinette
63%
Marill
63%
Route 6 Allée du Palais Mystherbe
63%
Nanméouïe
63%
Pérégrain
63%
Poissoroy
63%
(fleurs jaunes) | (sur l'eau) | Route 22 Chemin Détour Psykokwak
63%
(avec la PokéFlûte) Ronflex
63%
Tarsal
63%
Abra
50%
Azumarill
50%
Baggiguane
50%
Canarticho
50%
Colhomard
50%
Coxy
50%
Excavarenne
50%
Gloupti
50%
Insolourdo
50%
Lumivole
50%
(sur l'eau) Maskadra
50%
Muciole
50%
Ningale
50%
Castorno
38%
Doduo
38%
Méditikka
38%
Queulorior
38%
Carvanha
25%
(hordes) Granivol
25%
Kecleon
25%
Rosélia
25%
Rozbouton
25%
Sharpedo
25%
Skitty
13%
Aucun quiz correspondant
Distribution des résultats
% des personnes avec chaque résultat
Percentile par nombre de réponses
Votre historique - résultats
Vous n’avez pas pris ce quiz depuis la dernière actualisation